| 000 | 00748cam a2200241 a 4500 | ||
|---|---|---|---|
| 001 | 000005997 | ||
| 003 | OSt | ||
| 005 | 20200929151857.0 | ||
| 008 | 020725s2001 nq 001 p spa | ||
| 020 | _z9992437349 | ||
| 040 |
_aDO-SdBNP _bspa _cBNPHU |
||
| 082 |
_aN861.5 _bC355a |
||
| 100 | 1 |
_aCastro Jo, Carlos, _d1960- _916897 |
|
| 245 | 1 | 0 |
_aAl margen de lo visible : _bpoesía / _cCarlos Castro Jo. |
| 260 |
_aManagua, Nicaragua : _bANE/NORAD/CNE, _c2001. |
||
| 300 |
_a80 p. ; _c21 cm. |
||
| 500 | _aIncluye datos biográficos del autor en la contraportada. | ||
| 590 | _aInventariado, 2020/ YL | ||
| 650 | 4 |
_aPoesía nicaragüense _98179 |
|
| 650 | 4 |
_aLiteratura nicaragüense _ySIGLO XXI _916898 |
|
| 910 | _aEn proceso | ||
| 942 |
_2ddc _cLF1 |
||
| 999 |
_c5793 _d5793 |
||